000 00201 a2200097 4500
001 4653
100 _aJudge,A.W
245 _aCarburettors fuel systems
260 _a
_bChapman
_c
090 _c3847
_d3847
942 _aNUST-CAE
_cM
_c30097
999 _c239726
_d239726